000 00863nas a2200265 4500
001 BR9206460
003 BR-BrBNA
005 20231205092925.0
007 ta
008 230509b bl.|||p| |||| 00| 00por d
040 _aBR-BrBNA
_bpor
_cBiblioteca Nacional de Agricultura
041 _a(Pt)
072 _aL50
100 1 _aAlves, J.B.
100 1 _aAlves, M.S.D.
100 1 _aNogueira, J.C.
245 1 _aHistologia e histoquimica de mucossubstancias na epiderme da cabeca da piranha Serrasalmus piraya (Cuvier, 1820)
650 _aPIRANHA
650 _aPELE
650 _aHISTOLOGIA ANIMAL
650 _aTECIDO ANIMAL
773 0 _tArquivos da Escola de Veterinaria da Universidade Federal de Minas Gerais (Brazil)
_xISSN 0365-8384
_g(Dec 1982), v. 34(3) p. 463-470
_wBR9206460
909 _a202311
_bLúcia
_c55
_dLúcia Elande
942 _2AGRIS
_n0
_cANA
999 _c135145
_d135145